Word Search (Запис № 281478)

МАРК-запис
000 -LEADER
fixed length control field 00345nam a22001457a 4500
020 ## - INTERNATIONAL STANDARD BOOK NUMBER
International Standard Book Number 9780769615384
041 ## - LANGUAGE CODE
Language code of text/sound track or separate title eng
080 ## - UNIVERSAL DECIMAL CLASSIFICATION NUMBER
Universal Decimal Classification number 81.1
245 ## - TITLE STATEMENT
Title Word Search
260 ## - PUBLICATION, DISTRIBUTION, ETC. (IMPRINT)
Place of publication, distribution, etc Ashland
Name of publisher, distributor, etc Landolls
Date of publication, distribution, etc 2000
440 ## - SERIES STATEMENT/ADDED ENTRY--TITLE
Volume number/sequential designation 58
520 ## - SUMMARY, ETC.
Summary, etc A collection of word searches.
-- Word Searches, Puzzles, Games
650 ## - SUBJECT ADDED ENTRY--TOPICAL TERM
Topical term or geographic name as entry element English Practice
942 ## - ADDED ENTRY ELEMENTS (KOHA)
Koha item type Книги
Фонди
Withdrawn status Lost status Source of classification or shelving scheme Damaged status Not for loan Home library Current library Date acquired Source of acquisition Coded location qualifier Cost, normal purchase price Total Checkouts Full call number Barcode Date last seen Price effective from Koha item type
    Universal Decimal Classification     ВІЛ - Відділ іноземн. літератури НБ ВІЛ - Відділ іноземн. літератури НБ 08/08/2005 №206 K33 10.00   81.1 208330 29/01/2019 11/06/2001 Книги